000 01338cad a22001935a 4500
001 L153225
008 110624s2011 xxk f 000 0 eng d
035 _a(Sirsi) u153225
041 0 _aeng
110 2 _aUnited Kingdom
_bDepartment for Business, Innovation and Skills
_95760
245 0 0 _aLow carbon construction action plan
_bgovernment response to the Low Carbon Construction Innovation & Growth Team report
_h[electronic resource]
260 _aLondon
_bDBIS
_c2011
520 _aGovernment response to the Low Carbon Construction Innovation & Growth Team Report focusing on the key themes. These include demonstrating the benefits and opportunities of low carbon construction through leadership and cooperation across the public and private sectors and ensuring the correct framework of incentives and interventions enable the market to flourish. The proposals will be taken forward through a new Green Construction Board which will represent a new level of cooperation between government and industry.
590 _aKA NTK
651 4 _aUnited Kingdom
_y
690 _aBUILT ENVIRONMENT-SUSTAINABLE CONSTRUCTION
856 4 0 _uhttps://www.gov.uk/government/publications/low-carbon-construction-innovation-growth-team-report-on-low-carbon-construction-government-response
_zView the item free of charge at www.gov.uk
942 _n0
999 _c112423
_d112423